000 00758nam a2200241Ia 4500
003 OSt
005 20220927105317.0
006 a|||||r|||| 00| 0
007 ta
008 220926b |||||||| |||| 00| 0 eng d
024 _a175955
037 _cReference Collections
040 _aRTL
_cRTL
_beng
041 _2eng
_aeng
082 _a"Y:677.4, P7/UN"
110 _aUNITED NATIONS ECONOMIC AND SOCIAL COMMISSION FOR ASIA AND THE PACIFIC
245 0 _aTechnical cooperation yearbook 2006
260 _aNew
_bYork United Nations
_c2007
300 _a"ix, 61p"
_ccm.
700 _aUNITED NATIONS ECONOMIC AND SOCIAL COMMISSION FOR ASIA AND THE PACIFIC
942 _h"Y:677.4, P7/UN"
_cCC
999 _c691738
_d691738